Model dopravníka s využitím riadenia pomocou PLA
Uložené v:
| Hlavný autor: | |
|---|---|
| Ďalší autori: | |
| Médium: | Rukopis Kniha |
| Jazyk: | Slovak |
| Vydavateľské údaje: |
2022
|
| Predmet: | |
| On-line prístup: | http://is.stuba.sk/zp/portal_zp.pl?podrobnosti=155458 |
| Tagy: |
Žiadne tagy, Buďte prvý, kto otaguje tento záznam!
|
MARC
| LEADER | 00000ntm a22000003a 4500 | ||
|---|---|---|---|
| 001 | stuzp88691 | ||
| 003 | SK-STU | ||
| 005 | 20220702211218.3 | ||
| 007 | ta | ||
| 008 | 150427s2015----xo-----f-mn---000-0-slo-d | ||
| 040 | |a STU |b slo | ||
| 041 | 0 | |a slo | |
| 100 | 1 | |a Krumpál, Jakub |u 067000 |4 aut |U MTF Materiálovotechnologická fakulta |T MTF Ústav výskumu progresívnych technológií |X 103392 |U MN7000 |Y 87 |7 103392 | |
| 242 | 0 | 1 | |a Model of conveyor controlled by PLC |y eng |
| 245 | 1 | 0 | |a Model dopravníka s využitím riadenia pomocou PLA |
| 260 | |c 2022 | ||
| 650 | 4 | |a Dopravník |2 slo | |
| 650 | 4 | |a pohon |2 slo | |
| 650 | 4 | |a riadenie |2 slo | |
| 650 | 4 | |a drive |2 eng | |
| 650 | 4 | |a control |2 eng | |
| 650 | 4 | |a Conveyor |2 eng | |
| 700 | 1 | |a Horváth, Dušan |u 067000 |k Z2 |4 ths |U MTF Materiálovotechnologická fakulta |T MTF Ústav výskumu progresívnych technológií |X 44709 |U MN7000 |Y 87 |7 A000044709 | |
| 856 | 4 | |u http://is.stuba.sk/zp/portal_zp.pl?podrobnosti=155458 | |
| 996 | |c M* BP-9397 |l MMSKP |s P |a 0 |w stuzp88691_0001 | ||